00673nam a2200205 a 450000100060000000300080000600500170001400800410003103500190007204000320009104100080012308200280013110000280015924500770018726000480026430000350031250400370034765100280038483000550041279910BD-RjUL20220605130720.0220605s1967 pk abj b 000 0 eng d a(BD-RjUL)79910 aDLCcDLCdEQOdBD-RjULbeng aeng0 223a954.14021bCHD 1967 aChowdhury, Abdul Momin 10aDynastic history of Bengal :b(c. 750-1200 A.D) /cAbdul Momin Chowdhury aDacca :bAsiatic Society of Pakistan,c1967 axiv, 310 p.;billus., c26 cm. aIncludes bibliography and index. 0aBengal (India)xHistory 0aAsiatic Society of Pakistan publications ;vno. 21